| 000 | 01065nam a2200301 i 4500 | ||
|---|---|---|---|
| 001 | 13234 | ||
| 003 | ES-MaACL | ||
| 005 | 20250828080135.0 | ||
| 007 | t| | ||
| 008 | 970123s1991 sp ||||0| spa j | ||
| 020 | _a84-87290-16-7 | ||
| 040 |
_aM-BN _bspa _cM-BN |
||
| 080 | _a914.602.7 M."19" | ||
| 080 | _a711.4(460.27 M.)"19" | ||
| 100 | 1 |
_aHidalgo Monteagudo, Ramón. _963596 |
|
| 245 | 1 | 0 |
_aMadrid más alto _b: La Castellana / _cGrupo Ciudad y Educación, Ramón Hidalgo Monteagudo, Rosalía Ramos Guarido, Fidel Revilla González. |
| 260 |
_aMadrid : _bLa Librería, _cD.L. 1991. |
||
| 300 |
_a58 p. : _bil. ; _c21 cm. |
||
| 490 | 1 |
_aRecorridos didácticos por Madrid ; _v10 |
|
| 651 | 4 |
_aMadrid- _xDescripción- _yS.XX. _98958 |
|
| 651 | 4 |
_aUrbanismo- _zMadrid- _yS.XX. _9179439 |
|
| 700 | 1 |
_aRamos Guarido, Rosalía. _995322 |
|
| 700 | 1 |
_aRevilla, Fidel. _996430 |
|
| 710 | 2 |
_aGrupo Ciudad y Educación _94505 |
|
| 830 | 0 |
_aRecorridos didácticos por Madrid ; _v10 _9179420 |
|
| 852 |
_aES-MaACL _jL-20501 _bR.123728 |
||
| 999 |
_c13234 _d13234 |
||